Hack Internet : OS và bảo mật : Từng bước khám phá an ninh mạng
Gespeichert in:
| 1. Verfasser: | |
|---|---|
| Format: | Buch |
| Sprache: | Undetermined |
| Veröffentlicht: |
Hà Nội
Lao động - Xã hội
2008
|
| Schlagworte: | |
| Tags: |
Tag hinzufügen
Keine Tags, Fügen Sie den ersten Tag hinzu!
|
| Thư viện lưu trữ: | Trung tâm Học liệu Trường Đại học Cần Thơ |
|---|
| LEADER | 00711nam a2200217Ia 4500 | ||
|---|---|---|---|
| 001 | CTU_158253 | ||
| 008 | 210402s9999 xx 000 0 und d | ||
| 020 | |c 49000 | ||
| 082 | |a 005.8 | ||
| 082 | |b C561/T.1 | ||
| 100 | |a Vũ, Đình Cường | ||
| 245 | 0 | |a Hack Internet : | |
| 245 | 0 | |b OS và bảo mật : Từng bước khám phá an ninh mạng | |
| 245 | 0 | |c Vũ Đình Cường (Chủ biên) ; Phương Lan (Hiệu đính) | |
| 260 | |a Hà Nội | ||
| 260 | |b Lao động - Xã hội | ||
| 260 | |c 2008 | ||
| 650 | |a Computer networks,Computer security | ||
| 650 | |x Security measures | ||
| 904 | |i Giang | ||
| 980 | |a Trung tâm Học liệu Trường Đại học Cần Thơ | ||